Teória a prax obecnej samosprávy

Autor v príspevku analyzuje vzťah teórie a praxe obecnej samosprávy aplikujúc ho na legislatívu dotýkajúcu sa obecných samospráv, pôsobnosť obce a fenomén malých obcí ako súčasti slovenskej obecnej samosprávy. Poukazuje na problémy dlhodobejšieho charakteru, i tie, ktoré priniesla pandémia Covid 19...

Descripción completa

Guardado en:
Detalles Bibliográficos
Autor principal: Palúš, Igor
Formato: Capítulo de libro
Lenguaje:eslovaco
Materias:
Etiquetas: Agregar Etiqueta
Sin Etiquetas, Sea el primero en etiquetar este registro!

MARC

LEADER 00000naa a2200000 4500
001 0299106
005 20240209100715.4
041 0 |a slo 
044 |a SK 
245 1 0 |a Teória a prax obecnej samosprávy  |c Igor Palúš 
520 |a Autor v príspevku analyzuje vzťah teórie a praxe obecnej samosprávy aplikujúc ho na legislatívu dotýkajúcu sa obecných samospráv, pôsobnosť obce a fenomén malých obcí ako súčasti slovenskej obecnej samosprávy. Poukazuje na problémy dlhodobejšieho charakteru, i tie, ktoré priniesla pandémia Covid 19 a prebiehajúca energetická kríza. Naznačuje možné východiská z daného stavu, ktoré argumentačne zdôvodňuje. Osobitne zvýrazňuje požiadavku reformy obecného zriadenia, ktorú považuje za základ efektívneho fungovania územnej samosprávy ako jedného z princípov slovenského konštitucionalizmu. 
610 2 0 |a samospráva 
610 2 0 |a teória a prax 
610 2 0 |a štát 
610 2 0 |a moc verejná 
610 2 0 |a legislatíva 
610 2 0 |a obce 
100 1 |a Palúš, Igor